Capitales d'Océanie - Retrouver les pays - Statistiques

Statistiques générales
  • Ce quiz a été pris 58 fois
  • Le résultat moyen est 12 sur 14
Statistiques - réponses
Capitale Pays % Correct
Canberra Australie
100%
Suva Fidji
91%
Wellington Nouvelle-Zélande
91%
Majuro Îles Marshall
89%
Ngerulmud Palaos
86%
Apia Samoa
86%
Nukuʻalofa Tonga
86%
Funafuti Tuvalu
86%
Honiara Îles Salomon
84%
Yaren Nauru
84%
Port Moresby Papouasie-Nouvelle-Guinée
84%
Port-Vila Vanuatu
84%
Palikir États fédérés de Micronésie
82%
Tarawa-Sud Kiribati
77%
Aucun quiz correspondant
Distribution des résultats
% des personnes avec chaque résultat
Percentile par nombre de réponses
Votre historique - résultats
Vous n’avez pas pris ce quiz